| 000 | 00459nam a2200193Ia 4500 | ||
|---|---|---|---|
| 005 | 20240823040945.0 | ||
| 008 | 240823s9999||||xx |||||||||||||| ||und|| | ||
| 020 | _a978-81-203-3627-8 | ||
| 041 | _aENGLISH | ||
| 082 | _A005.746 Q3 | ||
| 100 | _aPrabhu C S R | ||
| 245 | 0 | _aDara Warehousing | |
| 250 | _a14th | ||
| 260 |
_c2013 _bPHI Learning Pv |
||
| 500 | _aYES | ||
| 650 |
_aData warehousing _bSoftware Engineering |
||
| 942 | _cBK | ||
| 999 |
_c204351 _d204351 |
||